Представление документа в формате MARC21

Поле Инд. ПП Название Значение
Тип записи a
Библиографический уровень m
001 Контрольный номер a2978bf4-6213-4228-9e70-015719cf01cc
005 Дата корректировки 20140703141618.2
008 Кодируемые данные 051228
020 c Цена, тираж 52.00
040 a Служба первич. каталог. НБ ТвГУ
041 a Код языка текста rus
080 a Индекс УДК 94(470.331-37Старица)
084 a Индекс другой классификации/Индекс ББК Т3(2РОС-4ТВЕ-2СТА)
090 a Полочн. индекс Т3(2РОС)
x Авторский знак М57
245 10 a Заглавие Миг между прошлым и будущим
b Продолж. заглавия [сб. ст.] : (к 40-летию Стариц. клуба "КРАЕВЕД")
c Ответственность [ред.совет: Александрова О. Б. и др.]
n Номер части/ раздела [Вып. 1]
260 0_ a Место издания Старица
b Издательство Старицкая типография
c Дата издания 2005
300 a Объем 157, [1] с.
b Иллюстрации/ тип воспроизводства портр.
504 a Библиография Библиогр. в конце ст.
583 a Действие Получение впервые 440 28.12.2005
k Исполнитель действия Дар Шиткова А.В.
583 a Действие Приписка 88 18.04.2007
k Исполнитель действия Дар читателя
650 a Основная рубрика Старица, город
x Основная подрубрика История
z Географическая подрубрика Тверская область
650 a Основная рубрика Краеведение
653 a Ключевые слова Города Тверской области
a Ключевые слова История Старицы
a Ключевые слова История Тверской области
a Ключевые слова Краеведение
a Ключевые слова Старица
a Ключевые слова Старицкий район
a Ключевые слова Тверская область
700 1_ a Другие авторы Александрова Ольга Борисовна
e Роль лиц ред.
700 1_ a Другие авторы Кузнецова Зоя Александровна
e Роль лиц ред.
700 1_ a Другие авторы Миронов Сергей Александрович
e Роль лиц ред.
852 t Порядковый номер экземпляра 2
p Инвентарный номер 832295
p Инвентарный номер 873617 60.00
x Примечание, не предназначенное для пользователя Вершинский А. Н., дарств. зап.
888 a Бесплатные
930 a Новая/Ретро краеведение
952 p 440.2005 52.00 1 832295
p 88.2007 60.00 1 873617
c Вид литературы К рн
954 a Дата поступления на обработку 20051231
999 a Подразделение 2 ОРК